1954年に合併で消滅した町 - Statistics

General Stats
  • This quiz has been taken 11 times
  • The average score is 80 of 231
Answer Stats
消滅年月日 市町村名 都道府県 合併/分割後の市町村 % Correct
1954/01/01 安濃郡大田町 島根県 大田市
75%
1954/03/31 雄勝郡湯沢町 秋田県 湯沢市
75%
1954/10/01 美祢郡大田町 山口県 美祢郡美東町
75%
1954/03/31 石城郡小名浜町 福島県 磐城市
63%
1954/03/31 相馬郡中村町 福島県 相馬市
63%
1954/03/31 那珂郡那珂湊町 茨城県 那珂湊市
63%
1954/03/31 印旛郡佐倉町 千葉県 佐倉市
63%
1954/03/31 岩船郡村上町 新潟県 村上市
63%
1954/03/31 志太郡藤枝町 静岡県 藤枝市
63%
1954/03/31 蒲生郡八幡町 滋賀県 近江八幡市
63%
1954/03/31 双三郡三次町 広島県 三次市
63%
1954/03/31 大津郡仙崎町 山口県 長門市
63%
1954/03/31 幡多郡中村町 高知県 中村市
63%
1954/03/31 幡多郡宿毛町 高知県 宿毛市
63%
1954/03/31 直入郡竹田町 大分県 竹田市
63%
1954/04/01 甘楽郡富岡町 群馬県 富岡市
63%
1954/04/01 下新川郡桜井町 富山県 黒部市
63%
1954/04/01 加茂郡太田町 岐阜県 美濃加茂市
63%
1954/04/01 知多郡大野町 愛知県 常滑市
63%
1954/04/01 知多郡常滑町 愛知県 常滑市
63%
1954/04/01 宝飯郡蒲郡町 愛知県 蒲郡市
63%
1954/04/01 南河内郡長野町 大阪府 河内長野市
63%
1954/04/01 那賀郡江津町 島根県 江津市
63%
1954/04/01 朝倉郡甘木町 福岡県 甘木市
63%
1954/04/01 八女郡羽犬塚町 福岡県 筑後市
63%
1954/04/01 八女郡福島町 福岡県 八女市
63%
1954/04/01 藤津郡鹿島町 佐賀県 鹿島市
63%
1954/04/01 西松浦郡伊万里町 佐賀県 伊万里市
63%
1954/04/01 三養基郡鳥栖町 佐賀県 鳥栖市
63%
1954/04/01 玉名郡玉名町 熊本県 玉名市
63%
1954/04/01 伊佐郡大口町 鹿児島県 大口市
63%
1954/04/01 姶良郡隼人町 鹿児島県 姶良郡隼人日当山町
63%
1954/05/03 北埼玉郡加須町 埼玉県 加須市
63%
1954/06/10 阿哲郡新見町 岡山県 新見市
63%
1954/07/01 大野郡大野町 福井県 大野市
63%
1954/07/01 北安曇郡大町 長野県 大町市
63%
1954/07/01 恵那郡明知町 岐阜県 恵那郡明智町
63%
1954/07/01 加古郡高砂町 兵庫県 高砂市
63%
1954/07/15 久慈郡太田町 茨城県 常陸太田市
63%
1954/07/15 珠洲郡飯田町 石川県 珠洲市
63%
1954/08/01 下新川郡泊町 富山県 下新川郡朝日町
63%
1954/08/01 幡多郡清水町 高知県 土佐清水市
63%
1954/08/10 西伯郡境町 鳥取県 境港市
63%
1954/09/01 東葛飾郡柏町 千葉県 東葛市
63%
1954/09/01 佐伯郡大竹町 広島県 大竹市
63%
1954/09/01 香美郡山田町 高知県 香美郡土佐山田町
63%
1954/10/01 西置賜郡荒砥町 山形県 東村山郡白鷹町
63%
1954/11/01 北村山郡楯岡町 山形県 村山市
63%
1954/11/01 宇摩郡三島町 愛媛県 伊予三島市
63%
1954/11/01 宇摩郡川之江町 愛媛県 川之江市
63%
1954/11/03 九戸郡久慈町 岩手県 久慈市
63%
1954/11/03 養老郡高田町 岐阜県 養老郡養老町
63%
1954/11/03 南那珂郡福島町 宮崎県 串間市
63%
1954/11/15 市原郡牛久町 千葉県 市原郡南総町
63%
1954/11/23 多賀郡高萩町 茨城県 高萩市
63%
1954/02/01 東伯郡浦安町 鳥取県 東伯郡東伯町
50%
1954/03/20 相馬郡原町 福島県 原町市
50%
1954/03/31 伊達郡藤田町 福島県 伊達郡国見町
50%
1954/03/31 石城郡湯本町 福島県 常磐市
50%
1954/03/31 石城郡泉町 福島県 磐城市
50%
1954/03/31 石城郡江名町 福島県 磐城市
50%
1954/03/31 芳賀郡祖母井町 栃木県 芳賀郡芳賀町
50%
1954/03/31 中魚沼郡十日町 新潟県 十日町市
50%
1954/03/31 速見郡豊岡町 大分県 速見郡日出町
50%
1954/04/01 加茂郡古井町 岐阜県 美濃加茂市
50%
1954/04/01 土岐郡瑞浪土岐町 岐阜県 瑞浪市
50%
1954/04/01 山辺郡丹波市町 奈良県 天理市
50%
1954/04/01 久米郡弓削町 岡山県 久米郡久米南町
50%
1954/04/01 宗像郡東郷町 福岡県 宗像郡宗像町
50%
1954/04/01 三養基郡田代町 佐賀県 鳥栖市
50%
1954/04/01 阿蘇郡宮地町 熊本県 阿蘇郡一の宮町
50%
1954/04/01 出水郡出水町 鹿児島県 出水市
50%
1954/04/01 姶良郡日当山町 鹿児島県 姶良郡隼人日当山町
50%
1954/04/29 南都留郡谷村町 山梨県 都留市
50%
1954/05/01 北多摩郡昭和町 東京都 昭島市
50%
1954/05/03 北埼玉郡不動岡町 埼玉県 加須市
50%
1954/06/10 丹羽郡古知野町 愛知県 江南市
50%
1954/07/01 東山梨郡日下部町 山梨県 山梨市
50%
1954/07/01 上伊那郡赤穂町 長野県 駒ヶ根市
50%
1954/07/15 川辺郡万世町 鹿児島県 加世田市
50%
1954/08/08 北都留郡猿橋町 山梨県 大月市
50%
1954/09/19 有田郡箕島町 和歌山県 有田郡有田町
50%
1954/11/03 南埼玉郡越ヶ谷町 埼玉県 越谷市
50%
1954/11/03 南牟婁郡木本町 三重県 熊野市
50%
1954/12/01 印旛郡木下町 千葉県 印旛郡印西町
50%
1954/12/01 足柄下郡国府津町 神奈川県 小田原市
50%
1954/01/10 中新川郡雄山町 富山県 中新川郡立山町
38%
1954/03/31 那珂郡平磯町 茨城県 那珂湊市
38%
1954/03/31 岩船郡岩船町 新潟県 村上市
38%
1954/03/31 志太郡青島町 静岡県 藤枝市
38%
1954/03/31 朝来郡梁瀬町 兵庫県 朝来郡山東町
38%
1954/03/31 勝田郡勝間田町 岡山県 勝田郡勝央町
38%
1954/03/31 双三郡十日市町 広島県 三次市
38%
1954/03/31 美祢郡大嶺町 山口県 美祢市
38%
1954/03/31 美祢郡伊佐町 山口県 美祢市
38%
1954/03/31 大津郡深川町 山口県 長門市
38%
1954/03/31 大分郡戸次町 大分県 大分郡大南町
38%
1954/04/01 和賀郡黒沢尻町 岩手県 北上市
38%
1954/04/01 下新川郡生地町 富山県 黒部市
38%
1954/04/01 恵那郡大井町 岐阜県 恵那市
38%
1954/04/01 恵那郡長島町 岐阜県 恵那市
38%
1954/04/01 宝飯郡三谷町 愛知県 蒲郡市
38%
1954/04/01 邇摩郡仁万町 島根県 邇摩郡仁摩町
38%
1954/04/01 八束郡揖屋町 島根県 八束郡東出雲町
38%
1954/04/01 那賀郡都野津町 島根県 江津市
38%
1954/04/01 朝倉郡秋月町 福岡県 甘木市
38%
1954/04/01 宗像郡赤間町 福岡県 宗像郡宗像町
38%
1954/04/01 上益城郡木山町 熊本県 上益城郡益城町
38%
1954/04/29 夷隅郡国吉町 千葉県 夷隅郡夷隅町
38%
1954/05/03 芳賀郡久下田町 栃木県 芳賀郡二宮町
38%
1954/06/10 丹羽郡宮田町 愛知県 江南市
38%
1954/07/01 上伊那郡宮田町 長野県 駒ヶ根市
38%
1954/07/01 岩美郡岩井町 鳥取県 岩美郡岩美町
38%
1954/07/06 千葉郡幕張町 千葉県 千葉市
38%
1954/07/20 西礪波郡津沢町 富山県 西礪波郡礪中町
38%
1954/08/01 北牟婁郡相賀町 三重県 北牟婁郡海山町
38%
1954/10/01 東田川郡狩川町 山形県 東田川郡立川町
38%
1954/10/01 東村山郡長崎町 山形県 東田川郡中山町
38%
1954/10/01 西村山郡谷地町 山形県 西村山郡河北町
38%
1954/11/01 西村山郡白岩町 山形県 寒河江市
38%
1954/11/01 西村山郡宮宿町 山形県 西村山郡朝日町
38%
1954/11/01 宇摩郡上分町 愛媛県 川之江市
38%
1954/11/03 東茨城郡磯浜町 茨城県 東茨城郡大洗町
38%
1954/11/03 高島郡安曇町 滋賀県 高島郡安曇川町
38%
1954/12/01 印旛郡大森町 千葉県 印旛郡印西町
38%
1954/12/10 安積郡永盛町 福島県 安積郡安積町
38%
1954/01/01 小笠郡堀之内町 静岡県 小笠郡菊川町
25%
1954/01/01 安濃郡久手町 島根県 大田市
25%
1954/01/15 河芸郡一身田町 三重県 津市
25%
1954/03/01 古志郡宮内町 新潟県 長岡市
25%
1954/03/30 婦負郡四方町 富山県 婦負郡和合町
25%
1954/03/31 南秋田郡船川港町 秋田県 男鹿市
25%
1954/03/31 雄勝郡岩崎町 秋田県 湯沢市
25%
1954/03/31 印旛郡臼井町 千葉県 佐倉市
25%
1954/03/31 岩船郡瀬波町 新潟県 村上市
25%
1954/03/31 直入郡玉来町 大分県 竹田市
25%
1954/04/01 甘楽郡一ノ宮町 群馬県 富岡市
25%
1954/04/01 中巨摩郡小笠原町 山梨県 中巨摩郡櫛形町
25%
1954/04/01 羽島郡竹ヶ鼻町 岐阜県 羽島市
25%
1954/04/01 恵那郡陶町 岐阜県 瑞浪市
25%
1954/04/01 山辺郡柳本町 奈良県 天理市
25%
1954/04/01 添上郡櫟本町 奈良県 天理市
25%
1954/04/01 西伯郡御来屋町 鳥取県 西伯郡名和町
25%
1954/04/01 藤津郡浜町 佐賀県 鹿島市
25%
1954/04/01 阿蘇郡内牧町 熊本県 阿蘇郡阿蘇町
25%
1954/04/01 出水郡米ノ津町 鹿児島県 出水市
25%
1954/04/01 伊佐郡山野町 鹿児島県 大口市
25%
1954/05/03 碓氷郡臼井町 群馬県 碓氷郡松井田町
25%
1954/06/10 丹羽郡布袋町 愛知県 江南市
25%
1954/07/01 河沼郡野沢町 福島県 耶麻郡西会津町
25%
1954/07/01 入間郡入間川町 埼玉県 狭山市
25%
1954/07/01 東山梨郡加納岩町 山梨県 山梨市
25%
1954/07/01 岩美郡浦富町 鳥取県 岩美郡岩美町
25%
1954/07/15 珠洲郡正院町 石川県 珠洲市
25%
1954/07/20 佐渡郡河原田町 新潟県 佐渡郡佐和田町
25%
1954/09/01 東葛飾郡小金町 千葉県 東葛市
25%
1954/10/01 君津郡久留里町 千葉県 君津郡上総町
25%
1954/11/03 西蒲原郡地蔵堂町 新潟県 西蒲原郡分水町
25%
1954/12/01 伊具郡金山町 宮城県 伊具郡丸森町
25%
1954/12/01 中郡大山町 神奈川県 中郡伊勢原町
25%
1954/12/10 上新川郡大久保町 富山県 上新川郡大沢野町
25%
1954/01/15 千葉郡大和田町 千葉県 千葉郡八千代町
13%
1954/02/01 東伯郡八橋町 鳥取県 東伯郡東伯町
13%
1954/03/31 幡多郡下田町 高知県 中村市
13%
1954/03/31 東国東郡来浦町 大分県 東国東郡国東町
13%
1954/03/31 東国東郡富来町 大分県 東国東郡国東町
13%
1954/03/31 東国東郡西安岐町 大分県 東国東郡安岐町
13%
1954/04/01 遠田郡不動堂町 宮城県 遠田郡小牛田町
13%
1954/04/01 群馬郡総社町 群馬県 前橋市
13%
1954/04/01 中巨摩郡巨摩町 山梨県 中巨摩郡白根町
13%
1954/04/01 安八郡大藪町 岐阜県 安八郡輪之内町
13%
1954/04/01 知多郡西浦町 愛知県 常滑市
13%
1954/04/01 西松浦郡東有田町 佐賀県 西松浦郡有田町
13%
1954/04/01 西松浦郡山代町 佐賀県 伊万里市
13%
1954/04/01 玉名郡伊倉町 熊本県 玉名市
13%
1954/04/01 玉名郡大浜町 熊本県 玉名市
13%
1954/04/01 玉名郡江田町 熊本県 玉名郡菊水町
13%
1954/04/01 天草郡登立町 熊本県 天草郡大矢野町
13%
1954/05/01 小城郡北多久町 佐賀県 多久市
13%
1954/05/03 碓氷郡坂本町 群馬県 碓氷郡松井田町
13%
1954/05/10 東山梨郡諏訪町 山梨県 東山梨郡牧丘町
13%
1954/07/01 南津軽郡蔵舘町 青森県 南津軽郡大鰐町
13%
1954/07/01 印南郡曽根町 兵庫県 高砂市
13%
1954/07/15 珠洲郡宝立町 石川県 珠洲市
13%
1954/08/01 香取郡府馬町 千葉県 香取郡山田町
13%
1954/08/01 北牟婁郡引本町 三重県 北牟婁郡海山町
13%
1954/08/01 志摩郡波切町 三重県 志摩郡大王町
13%
1954/08/01 幡多郡下ノ加江町 高知県 土佐清水市
13%
1954/08/08 北都留郡七保町 山梨県 大月市
13%
1954/08/10 幡豆郡寺津町 愛知県 西尾市
13%
1954/08/10 幡豆郡平坂町 愛知県 西尾市
13%
1954/09/01 佐伯郡玖波町 広島県 大竹市
13%
1954/10/01 東村山郡高畠町 山形県 東村山郡社郷町
13%
1954/10/01 邑久郡鹿忍町 岡山県 邑久郡牛窓町
13%
1954/10/01 豊浦郡西市町 山口県 豊浦郡豊田町
13%
1954/10/01 木田郡平井町 香川県 木田郡三木町
13%
1954/10/15 飯南郡花岡町 三重県 松阪市
13%
1954/11/03 九戸郡長内町 岩手県 久慈市
13%
1954/11/03 東茨城郡大貫町 茨城県 東茨城郡大洗町
13%
1954/11/03 那須郡芦野町 栃木県 那須郡那須町
13%
1954/11/03 南埼玉郡大沢町 埼玉県 越谷市
13%
1954/11/03 山県郡壬生町 広島県 山県郡千代田町
13%
1954/11/03 山県郡八重町 広島県 山県郡千代田町
13%
1954/11/15 市原郡鶴舞町 千葉県 市原郡南総町
13%
1954/11/23 多賀郡松岡町 茨城県 高萩市
13%
1954/12/01 中郡国府町 神奈川県 中郡大磯町
13%
1954/12/01 足柄下郡酒匂町 神奈川県 小田原市
13%
1954/12/01 志摩郡和具町 三重県 志摩郡志摩町
13%
1954/12/20 北佐久郡岩村田町 長野県 北佐久郡浅間町
13%
1954/03/31 浜名郡笠井町 静岡県 浜松市
0%
1954/03/31 幡多郡小筑紫町 高知県 宿毛市
0%
1954/04/01 知多郡鬼崎町 愛知県 常滑市
0%
1954/04/01 苫田郡新加茂町 岡山県 苫田郡加茂町
0%
1954/04/01 川上郡手荘町 岡山県 川上郡川上町
0%
1954/04/01 上道郡財田町 岡山県 岡山市
0%
1954/06/10 阿哲郡上市町 岡山県 新見市
0%
1954/07/01 大野郡下庄町 福井県 大野市
0%
1954/07/20 佐渡郡沢根町 新潟県 佐渡郡佐和田町
0%
1954/08/01 河芸郡白塚町 三重県 津市
0%
1954/08/01 幡多郡下川口町 高知県 土佐清水市
0%
1954/08/01 幡多郡三崎町 高知県 土佐清水市
0%
1954/08/08 北都留郡大月町 山梨県 大月市
0%
1954/08/10 西伯郡外江町 鳥取県 境港市
0%
1954/09/01 佐伯郡小方町 広島県 大竹市
0%
1954/10/01 石城郡豊間町 福島県 平市
0%
1954/11/01 宇摩郡寒川町 愛媛県 伊予三島市
0%
1954/11/01 宇摩郡金生町 愛媛県 川之江市
0%
1954/11/05 海津郡城山町 岐阜県 海津郡南濃町
0%
1954/12/01 山武郡大網町 千葉県 山武郡大網町
0%
1954/12/01 山武郡白里町 千葉県 山武郡白里町
0%
1954/12/01 児島郡藤戸町 岡山県 倉敷市
0%
No matching quizzes found
Score Distribution
Percent of People with Each Score
Percentile by Number Answered
Your Score History
You have not taken this quiz